Los retos de la Colombia contemporǹea

Detalles Bibliográficos
Autor principal: Nieto Olarte, Mauricio
Formato: eBook
Lenguaje:español
Publicado: Bogot:̀ Universidad de Los Andes (Colombia), 2017
Materias:
Acceso en línea:Acceso restringido

MARC

LEADER 00000nam a22000007a 4500
005 20190708163251.0
007 cr|||| ||||
008 190708s2017 co |||||s|||| 00||0 spa d
020 |a 978-958-774-534-4 
035 |a 23836 
040 |a vLex 
090 |c 9009  |d 9009 
100 1 |a Nieto Olarte, Mauricio 
245 1 3 |a Los retos de la Colombia contemporǹea  |h [Recurso electrn̤ico] /  |c Mauricio Nieto Olarte 
256 |a Servicio en ln̕ea 
260 |a Bogot:̀  |b Universidad de Los Andes (Colombia),  |c 2017 
300 |a 1 recurso electrn̤ico 
506 1 |a Disponible solo en los productos indicados  |d vLex Global  |d vLex Global (Academic Edition, excluding Law Schools)  |d vLex Global (U.S. Academic Edition, Law Schools)  |d vLex Global (U.S. Academic Edition, excluding Law Schools)  |d vLex Global (Academic Edition, Law Schools) 
650 0 4 |a Ciencias sociales  |z Colombia 
740 0 |a vLex Libros (Servicio en ln̕ea) 
856 4 0 |u http://vlex.com/source/retos-colombia-contemporanea-23836  |z Acceso restringido 
942 |c BOOK 
999 0 |a Social Sciences